LEADER 00847naa a2200205 u 4500 001 000000103470 003 CaOOAMICUS 005 20070226130216.0 008 061117s1964 fr u000 u fre u 035 $a11107200 040 $aIAR$bita 100 1 $aLeclercq, Jean,$cO.S.B.,$d1911-1993.$0(OLS)http://pul/name/3420 245 10$aAspects spirituels de la symbolique du livre au XIIe siècle /$cJean Leclercq. 260 $aParis :$bAubier,$c1964. 300 $av.2, p. 63-72 ;$c23 cm 500 $aIAR: CCI.458 773 0 $aL'homme devant Dieu : Mélanges offerts au père Henri de Lubac. 773 0 $tL'homme devant Dieu : mélanges offerts au père Henri de Lubac$g56-58$w()5335 996 $6245$aAspects spirituels de la symbolique du livre au XIIe siècle$9(OLS)http://pul/title/130375 996 $6260$aParis :$bAubier$9(OLS)http://pul/publisher/48219 LEADER 01086nam a2200265 u 4500 001 000000014889 003 CaOOAMICUS 005 20070226105821.0 008 940517s1928 it u000 u ita u 035 $a10349856 040 $aPUL(R)$bita 100 1 $aSaitta, Giuseppe,$d1881-1965.$0(OLS)http://pul/name/13446 245 12$aL'educazione dell'umanesimo in Italia /$cGiuseppe Saitta. 260 $aVenezia :$bLa Nuova Italia,$c1928. 300 $aviii, 261 p. ;$c19 cm 490 1 $aEducatori antichi e moderni 504 $aInclude indicazioni bibliografiche. 650 4$aUmanesimo (pedagogia).$0(OLS)http://pul/subject/10386 650 4$aPedagogia$xStoria$ySec. XV.$0(OLS)http://pul/subject/10387 830 0$aEducatori antichi e moderni.$0(OLS)http://pul/title/13529 850 $aPUL 852 $aPUL$W1$xDP2 Filosofia 1$y62$m95 C 21$j20866$nBK-PRI$b $qStampati$B20866$CPULBib$Z2$F20866 $81 941 1 $a8 996 $6245$aL'educazione dell'umanesimo in Italia$9(OLS)http://pul/title/21359 996 $6260$aVenezia :$bLa Nuova Italia$9(OLS)http://pul/publisher/50844 LEADER 01590nam a2200325 u 4500 001 000000115679 003 CaOOAMICUS 005 20090514144329.0 008 090514s2009 it u000 u ita r 040 $aPUL$bita$dLDB 041 1 $aita$hger 100 1 $aCarnap, Rudolf,$d1891-1970.$0(OLS)http://pul/name/10976 240 10$aLogische Aufbau der Welt.$lItaliano.$0(OLS)http://pul/title/51491 245 10$aCarnap. 260 $aMilano :$bMondadori,$cc2009. 300 $a518 p. ;$c18 cm. 490 1 $aI classici collezione del pensiero ;$v56 504 $aInclude riferimenti bibliografici e indici. 505 0 $aCronologia di Carnap ; La costruzione logica del mondo ; Pseudoproblemi nella filosofia / a cura di Emanuele Severino, introduzione di Emanuele Severino, nota bibliografica di Mauro Sacchetto 650 4$aFilosofia della scienza.$0(OLS)http://pul/subject/5136 700 12$aCarnap, Rudolf,$d1891-1970.$tScheinprobleme in der Philosophie.$lItaliano.$0(OLS)http://pul/name/71738 700 1 $aSeverino, Emanuele,$d1929-2020.$0(OLS)http://pul/name/4702 740 02$aPseudoproblemi nella filosofia. 830 2$aI classici del pensiero (Mondadori) ;$v56.$0(OLS)http://pul/title/140256 850 $aPUL 852 $aPUL$W1$xSL Filosofia 3$y81$m180 COLL 1.56$j132497$qDDC 21$B131495$CPULBib$Z2$F131495 $H110402 $82 941 1 $a9 996 $6245$aCarnap$9(OLS)http://pul/title/145347 996 $6740$aPseudoproblemi nella filosofia$9(OLS)http://pul/title/145348 996 $6260$aMilano :$bMondadori$9(OLS)http://pul/publisher/50297